|
|
|
|
| LEADER |
01189nam a2200289 a 4500 |
| 001 |
15331431 |
| 008 |
091015r20041982enkab b 000 1 eng d |
| 010 |
|
|
|a 2008274367
|
| 020 |
|
|
|a 0195671716
|
| 020 |
|
|
|a 9780199536276
|
| 040 |
|
|
|a DLC
|c DLC
|d DLC
|
| 082 |
0 |
0 |
|a 823/.8
|2 22
|
| 100 |
1 |
|
|a Dickens, Charles,
|d 1812-1870.
|
| 245 |
1 |
0 |
|a Hard times /
|c Charles Dickens ; edited with an introduction and notes by Paul Schlicke.
|
| 260 |
|
|
|a Oxford [England] ;
|a New York :
|b Oxford University Press,
|c 1982.[2004]
|
| 300 |
|
|
|a xxxvii, 299 p. :
|b ill., maps ;
|c 20 cm.
|
| 490 |
0 |
|
|a Oxford world's classics
|
| 504 |
|
|
|a Includes bibliographical references (p. [xxii]-xxiv).
|
| 541 |
1 |
|
|e 00019386
|
| 651 |
|
0 |
|a England
|v Fiction.
|
| 650 |
|
0 |
|a Social problems
|v Fiction.
|
| 655 |
|
0 |
|a Political fiction.
|
| 655 |
|
0 |
|a Domestic fiction.
|
| 700 |
1 |
|
|a Schlicke, Paul.
|
| 852 |
4 |
|
|a Ayesha Abed Library
|j General Shelf.
|
| 999 |
|
|
|c 4598
|d 4598
|
| 952 |
|
|
|0 0
|1 0
|2 ddc
|4 1
|6 823_800000000000000_DIC
|7 0
|9 4383
|a ENH
|b ENH
|d 2009-10-09
|l 1
|o 823.8 DIC
|p 3010019386
|r 2014-05-14
|s 2013-02-18
|t 1
|w 2009-10-18
|y BK
|x Departmental-issued damaged books were found in the ENH department for the reason of termites eaten in 2016
|